[Event "European Online Club-ch-C 2021"]
[Site "Online"]
[Date "2021.03.27"]
[Round "9.5"]
[White "Markoja, Boris"]
[Black "Delgado Ramirez, Neuris"]
[Result "0-1"]
[WhiteElo "2439"]
[BlackElo "2615"]
[Annotator "ChessBase"]
[PlyCount "84"]
[EventDate "2021.03.27"]
[EventType "team-tourn"]
[EventCountry "NET"]
[SourceTitle "playchess.com"]
[Source "ChessBase"]
[SourceQuality "1"]
[TimeControl "900+5"]

1. d4 {[%emt 0:00:00]} Nf6 {[%emt 0:00:05]} 2. c4 {[%emt 0:00:03]} e6 {[%emt 0:00:02]} 3. g3 {[%emt 0:00:02]} c5 {[%emt 0:00:12]} 4. d5 {[%emt 0:00:02]} exd5 {[%emt 0:00:04]} 5. cxd5 {[%emt 0:00:01]} d6 {[%emt 0:00:01]} 6. Nc3 {[%emt 0:00:01]} g6 {[%emt 0:00:02]} 7. Bg2 {[%emt 0:00:02]} Bg7 {[%emt 0:00:01]} 8. Nf3 {[%emt 0:00:01]} O-O {[%emt 0:00:03]} 9. O-O {[%emt 0:00:01]} a6 {[%emt 0:00:01]} 10. a4 {[%emt 0:00:04]} Nbd7 {[%emt 0:00:02]} 11. Bf4 {[%emt 0:00:07]} Qc7 {[%emt 0:00:07]} 12. h3 {[%emt 0:00:38]} Re8 {[%emt 0:00:06]} 13. Re1 {[%emt 0:00:48]} Nh5 {[%emt 0:00:14]} 14. Bd2 {[%emt 0:00:20]} Rb8 {[%emt 0:00:04]} 15. a5 {[%emt 0:01:40]} b5 {[%emt 0:00:09]} 16. axb6 {[%emt 0:00:01]} Rxb6 {[%emt 0:00:02]} 17. Ra2 {[%emt 0:00:18]} Qb8 {[%emt 0:00:08]} 18. Na4 {[%emt 0:00:39]} Rb5 {[%emt 0:00:11]} 19. Bc3 {[%emt 0:00:01]} Nhf6 {[%emt 0:00:07]} 20. Nd2 {[%emt 0:00:03]} Bb7 {[%emt 0:01:06]} 21. e4 {[%emt 0:00:13]} Ne5 {[%emt 0:00:55]} 22. Bf1 {[%emt 0:00:40]} g5 {[%emt 0:00:11]} 23. Bxe5 {[%emt 0:03:03]} Rxe5 {[%emt 0:00:05]} 24. Nc3 {[%emt 0:00:11]} Rb4 {[%emt 0:00:25]} 25. Bxa6 {[%emt 0:00:48]} Bxa6 {[%emt 0:00:14]} 26. Rxa6 {[%emt 0:00:02]} Qc8 {[%emt 0:00:38]} 27. Rxd6 {[%emt 0:00:05]} Qxh3 {[%emt 0:00:04]} 28. Rd8+ {[%emt 0:00:11]} Bf8 {[%emt 0:00:19]} 29. Qf3 {[%emt 0:00:47]} Ng4 {[%emt 0:00:50]} 30. Qg2 {[%emt 0:00:11]} Qh6 {[%emt 0:01:21]} 31. b3 {[%emt 0:00:37]} Qf6 {[%emt 0:00:56]} 32. Rc8 {[%emt 0:00:09]} Rd4 {[%emt 0:00:06]} 33. Nc4 {[%emt 0:01:10]} Rd3 {[%emt 0:00:11]} 34. f4 {[%emt 0:02:07]} gxf4 {[%emt 0:00:54]} 35. gxf4 {[%emt 0:00:35]} Qh4 {[%emt 0:00:08]} 36. Re3 {[%emt 0:00:14]} Rxe4 {[%emt 0:02:18]} 37. Rxe4 {[%emt 0:00:50]} Rg3 {[%emt 0:00:09]} 38. Kf1 {[%emt 0:00:43]} Rxg2 {[%emt 0:00:54]} 39. Kxg2 {[%emt 0:00:01]} Qf2+ {[%emt 0:00:02]} 40. Kh3 {[%emt 0:00:02]} Qf3+ {[%emt 0:00:02]} 41. Kh4 {[%emt 0:00:06]} Nf2 {[%emt 0:00:06]} 42. Ne5 {[%emt 0:00:22]} Qh3+ {[%emt 0:00:04]} 0-1

[Event "European Online Club-ch-C 2021"]
[Site "Online"]
[Date "2021.03.27"]
[Round "9.6"]
[White "Martinez Alcantara, Jose Eduardo"]
[Black "Subelj, Jan"]
[Result "1-0"]
[WhiteElo "2620"]
[BlackElo "2418"]
[Annotator "ChessBase"]
[PlyCount "113"]
[EventDate "2021.03.27"]
[EventType "team-tourn"]
[EventCountry "NET"]
[SourceTitle "playchess.com"]
[Source "ChessBase"]
[SourceQuality "1"]
[TimeControl "900+5"]

1. e4 {[%emt 0:00:00]} c6 {[%emt 0:00:16]} 2. Nf3 {[%emt 0:00:02]} d5 {[%emt 0:00:01]} 3. d3 {[%emt 0:00:02]} dxe4 {[%emt 0:00:07]} 4. dxe4 {[%emt 0:00:02]} Qxd1+ {[%emt 0:00:01]} 5. Kxd1 {[%emt 0:00:01]} Nf6 {[%emt 0:00:02]} 6. Bd3 {[%emt 0:00:09]} Nbd7 {[%emt 0:00:14]} 7. Nc3 {[%emt 0:00:09]} Nc5 {[%emt 0:00:31]} 8. h3 {[%emt 0:00:19]} b6 {[%emt 0:00:29]} 9. Be3 {[%emt 0:00:11]} Nxd3 {[%emt 0:00:05]} 10. cxd3 {[%emt 0:00:02]} Bb7 {[%emt 0:00:14]} 11. a4 {[%emt 0:00:08]} c5 {[%emt 0:00:12]} 12. Nd2 {[%emt 0:00:13]} e6 {[%emt 0:00:14]} 13. a5 {[%emt 0:00:25]} O-O-O {[%emt 0:00:15]} 14. axb6 {[%emt 0:00:10]} axb6 {[%emt 0:00:02]} 15. Ke2 {[%emt 0:00:25]} Bc6 {[%emt 0:00:33]} 16. Ra7 {[%emt 0:00:15]} Rd7 {[%emt 0:00:04]} 17. Rha1 {[%emt 0:00:03]} Bd6 {[%emt 0:00:36]} 18. Nc4 {[%emt 0:00:12]} Rxa7 {[%emt 0:00:04]} 19. Rxa7 {[%emt 0:00:09]} Bc7 {[%emt 0:00:03]} 20. f3 {[%emt 0:03:17]} Kb8 {[%emt 0:00:18]} 21. Ra1 {[%emt 0:00:01]} Kb7 {[%emt 0:00:08]} 22. d4 {[%emt 0:00:37]} cxd4 {[%emt 0:00:22]} 23. Bxd4 {[%emt 0:00:01]} Nd7 {[%emt 0:00:04]} 24. b4 {[%emt 0:00:11]} e5 {[%emt 0:01:42]} 25. Be3 {[%emt 0:00:04]} Ra8 {[%emt 0:00:05]} 26. Rxa8 {[%emt 0:00:32]} Kxa8 {[%emt 0:00:06]} 27. b5 {[%emt 0:00:01]} Bb7 {[%emt 0:00:02]} 28. Na4 {[%emt 0:00:01]} Ka7 {[%emt 0:00:05]} 29. Kd3 {[%emt 0:00:01]} f6 {[%emt 0:00:40]} 30. Na5 {[%emt 0:01:26]} Ba8 {[%emt 0:00:36]} 31. Nc3 {[%emt 0:00:20]} Bd6 {[%emt 0:00:30]} 32. Nc6+ {[%emt 0:00:45]} Kb7 {[%emt 0:00:04]} 33. Nd5 {[%emt 0:00:23]} Bc5 {[%emt 0:00:49]} 34. Bxc5 {[%emt 0:00:24]} Nxc5+ {[%emt 0:00:04]} 35. Kc4 {[%emt 0:00:02]} Ne6 {[%emt 0:00:05]} 36. h4 {[%emt 0:00:21]} Nc5 {[%emt 0:00:49]} 37. h5 {[%emt 0:00:33]} h6 {[%emt 0:01:14]} 38. Nd8+ {[%emt 0:00:15]} Ka7 {[%emt 0:00:04]} 39. Ne7 {[%emt 0:00:08]} Kb8 {[%emt 0:00:11]} 40. Nd5 {[%emt 0:00:37]} Ka7 {[%emt 0:01:04]} 41. g4 {[%emt 0:00:02]} Bb7 {[%emt 0:00:19]} 42. Ne7 {[%emt 0:00:37]} Kb8 {[%emt 0:00:48]} 43. Nf5 {[%emt 0:00:06]} Bc8 {[%emt 0:00:32]} 44. Nxg7 {[%emt 0:00:23]} Kc7 {[%emt 0:00:03]} 45. Nf7 {[%emt 0:00:10]} Kd7 {[%emt 0:00:07]} 46. Nxh6 {[%emt 0:00:03]} Ke7 {[%emt 0:00:02]} 47. Nhf5+ {[%emt 0:00:12]} Kf7 {[%emt 0:00:02]} 48. Nd6+ {[%emt 0:00:06]} Kxg7 {[%emt 0:00:03]} 49. Nxc8 {[%emt 0:00:01]} Ne6 {[%emt 0:00:03]} 50. Nxb6 {[%emt 0:00:03]} Nd4 {[%emt 0:00:02]} 51. Nd5 {[%emt 0:00:15]} Nxf3 {[%emt 0:00:05]} 52. b6 {[%emt 0:00:02]} Nd4 {[%emt 0:00:02]} 53. b7 {[%emt 0:00:07]} Nc6 {[%emt 0:00:01]} 54. Kc5 {[%emt 0:00:03]} Nb8 {[%emt 0:00:02]} 55. Kd6 {[%emt 0:00:01]} Na6 {[%emt 0:00:03]} 56. Nb4 {[%emt 0:00:03]} Nb8 {[%emt 0:00:04]} 57. Kc7 {[%emt 0:00:01]} 1-0

[Event "European Online Club-ch-C 2021"]
[Site "Online"]
[Date "2021.03.27"]
[Round "9.7"]
[White "Skuhala, Jernej"]
[Black "Gukesh D"]
[Result "0-1"]
[WhiteElo "2351"]
[BlackElo "2563"]
[Annotator "ChessBase"]
[PlyCount "70"]
[EventDate "2021.03.27"]
[EventType "team-tourn"]
[EventCountry "NET"]
[SourceTitle "playchess.com"]
[Source "ChessBase"]
[SourceQuality "1"]
[TimeControl "900+5"]

1. e4 {[%emt 0:00:00]} c6 {[%emt 0:00:05]} 2. d4 {[%emt 0:00:04]} d5 {[%emt 0:00:02]} 3. Nc3 {[%emt 0:00:01]} dxe4 {[%emt 0:00:02]} 4. Nxe4 {[%emt 0:00:01]} Nf6 {[%emt 0:00:01]} 5. Nxf6+ {[%emt 0:00:03]} exf6 {[%emt 0:00:01]} 6. Nf3 {[%emt 0:00:04]} Bd6 {[%emt 0:00:01]} 7. Bd3 {[%emt 0:00:03]} O-O {[%emt 0:00:02]} 8. O-O {[%emt 0:00:01]} Re8 {[%emt 0:00:02]} 9. c3 {[%emt 0:00:05]} Nd7 {[%emt 0:00:02]} 10. Re1 {[%emt 0:00:02]} Nf8 {[%emt 0:00:06]} 11. Rxe8 {[%emt 0:00:06]} Qxe8 {[%emt 0:00:01]} 12. Be3 {[%emt 0:00:02]} Ng6 {[%emt 0:00:02]} 13. Qb3 {[%emt 0:00:02]} Qd8 {[%emt 0:00:52]} 14. Bc4 {[%emt 0:00:13]} Qc7 {[%emt 0:00:05]} 15. h3 {[%emt 0:00:08]} b5 {[%emt 0:00:04]} 16. Bd3 {[%emt 0:00:02]} Be6 {[%emt 0:00:02]} 17. Qc2 {[%emt 0:00:01]} Re8 {[%emt 0:00:24]} 18. a4 {[%emt 0:00:05]} Bd5 {[%emt 0:00:14]} 19. Nd2 {[%emt 0:00:29]} Bf4 {[%emt 0:02:07]} 20. Bxg6 {[%emt 0:00:37]} hxg6 {[%emt 0:00:05]} 21. Nf1 {[%emt 0:00:19]} Bd6 {[%emt 0:00:02]} 22. b3 {[%emt 0:01:26]} f5 {[%emt 0:00:06]} 23. c4 {[%emt 0:00:56]} bxc4 {[%emt 0:00:03]} 24. bxc4 {[%emt 0:00:01]} Be4 {[%emt 0:00:01]} 25. Qc3 {[%emt 0:00:02]} f4 {[%emt 0:00:03]} 26. Bd2 {[%emt 0:00:04]} c5 {[%emt 0:01:10]} 27. Re1 {[%emt 0:00:09]} cxd4 {[%emt 0:00:10]} 28. Qxd4 {[%emt 0:00:02]} Qc6 {[%emt 0:00:12]} 29. Bc3 {[%emt 0:01:12]} f6 {[%emt 0:00:15]} 30. c5 {[%emt 0:00:21]} Bxc5 {[%emt 0:00:04]} 31. Qc4+ {[%emt 0:00:08]} Kh7 {[%emt 0:00:04]} 32. Qe2 {[%emt 0:03:40]} Bxg2 {[%emt 0:03:32]} 33. Qxe8 {[%emt 0:00:08]} Qf3 {[%emt 0:00:02]} 34. Ne3 {[%emt 0:00:34]} Bxh3 {[%emt 0:00:28]} 35. Qa8 {[%emt 0:01:42]} Qxa8 {[%emt 0:00:06]} 0-1

[Event "European Online Club-ch-C 2021"]
[Site "Online"]
[Date "2021.03.27"]
[Round "9.8"]
[White "Alvarez Fernandez, Enrique"]
[Black "Marn, Jan"]
[Result "1-0"]
[WhiteElo "2349"]
[BlackElo "2346"]
[Annotator "NA"]
[PlyCount "68"]
[EventDate "2021.03.27"]
[EventType "team-tourn"]
[EventCountry "NET"]
[SourceTitle "playchess.com"]
[Source "ChessBase"]
[SourceQuality "1"]
[TimeControl "900+5"]

1. d4 {[%emt 0:00:00]} d5 {[%emt 0:00:02]} 2. c4 {[%emt 0:00:08]} e6 {[%emt 0:00:02]} 3. Nf3 {[%emt 0:00:14]} c6 {[%emt 0:00:02]} 4. Nc3 {[%emt 0:00:16]} dxc4 {[%emt 0:00:04]} 5. e3 {[%emt 0:01:46]} b5 {[%emt 0:00:02]} 6. a4 {[%emt 0:00:07]} Bb4 {[%emt 0:00:06]} 7. Bd2 {[%emt 0:01:12]} a5 {[%emt 0:00:04]} 8. g3 {[%emt 0:01:29]} Nf6 {[%emt 0:01:14]} 9. Bg2 {[%emt 0:00:04]} O-O {[%emt 0:00:27]} 10. Ne5 {[%emt 0:00:28]} Nd5 {[%emt 0:00:08]} 11. O-O {[%emt 0:00:30]} f6 {[%emt 0:00:54]} 12. Nf3 {[%emt 0:00:21]} Bxc3 {[%emt 0:01:54]} 13. bxc3 {[%emt 0:01:10]} Bb7 {[%emt 0:02:46]} 14. e4 {[%emt 0:01:57]} Nc7 {[%emt 0:00:14]} 15. e5 {[%emt 0:00:26]} f5 {[%emt 0:00:14]} 16. Qb1 {[%emt 0:00:37]} Nd7 {[%emt 0:00:47]} 17. h4 {[%emt 0:00:25]} Nb6 {[%emt 0:00:09]} 18. h5 {[%emt 0:00:06]} Nxa4 {[%emt 0:00:19]} 19. Rxa4 {[%emt 0:00:33]} bxa4 {[%emt 0:00:33]} 20. Qxb7 {[%emt 0:00:05]} Qd7 {[%emt 0:00:17]} 21. Ng5 {[%emt 0:00:33]} h6 {[%emt 0:00:23]} 22. Nxe6 {[%emt 0:01:26]} Qxe6 {[%emt 0:00:02]} 23. Qxc7 {[%emt 0:00:04]} Rab8 {[%emt 0:01:31]} 24. Qxc6 {[%emt 0:00:20]} Qxc6 {[%emt 0:00:03]} 25. Bxc6 {[%emt 0:00:02]} a3 {[%emt 0:00:07]} 26. Ra1 {[%emt 0:00:35]} Rb3 {[%emt 0:00:19]} 27. Bd5+ {[%emt 0:00:16]} Kh8 {[%emt 0:00:02]} 28. Bxc4 {[%emt 0:00:02]} Rb2 {[%emt 0:00:01]} 29. Bc1 {[%emt 0:00:16]} Rc2 {[%emt 0:00:01]} 30. Bxa3 {[%emt 0:00:08]} Rc8 {[%emt 0:00:03]} 31. Be6 {[%emt 0:00:09]} R8xc3 {[%emt 0:00:06]} 32. Bxf5 {[%emt 0:00:25]} Re2 {[%emt 0:00:11]} 33. Bc5 {[%emt 0:00:22]} g6 {[%emt 0:00:17]} 34. hxg6 {[%emt 0:00:06]} Rcc2 {[%emt 0:00:02]} 1-0

[Event "European Online Club-ch-C 2021"]
[Site "Online"]
[Date "2021.03.27"]
[Round "9.9"]
[White "Migot, Tangi"]
[Black "Michalik, Peter"]
[Result "0-1"]
[WhiteElo "2353"]
[BlackElo "2594"]
[Annotator "ChessBase"]
[PlyCount "118"]
[EventDate "2021.03.27"]
[EventType "team-tourn"]
[EventCountry "NET"]
[SourceTitle "playchess.com"]
[Source "ChessBase"]
[SourceQuality "1"]
[TimeControl "900+5"]

1. e4 {[%emt 0:00:00]} c5 {[%emt 0:00:04]} 2. Nf3 {[%emt 0:00:06]} d6 {[%emt 0:00:01]} 3. d4 {[%emt 0:00:02]} cxd4 {[%emt 0:00:02]} 4. Nxd4 {[%emt 0:00:00]} Nf6 {[%emt 0:00:01]} 5. Nc3 {[%emt 0:00:01]} a6 {[%emt 0:00:01]} 6. Be2 {[%emt 0:00:02]} e5 {[%emt 0:00:02]} 7. Nb3 {[%emt 0:00:07]} Be7 {[%emt 0:00:02]} 8. O-O {[%emt 0:00:12]} O-O {[%emt 0:00:02]} 9. Re1 {[%emt 0:00:06]} Be6 {[%emt 0:00:07]} 10. Bf3 {[%emt 0:00:02]} Nbd7 {[%emt 0:00:04]} 11. a4 {[%emt 0:00:01]} Rc8 {[%emt 0:00:04]} 12. a5 {[%emt 0:00:07]} Nc5 {[%emt 0:00:18]} 13. Nd2 {[%emt 0:00:19]} Qc7 {[%emt 0:00:15]} 14. Nf1 {[%emt 0:00:18]} Rfd8 {[%emt 0:00:18]} 15. Bg5 {[%emt 0:00:39]} Ncd7 {[%emt 0:00:04]} 16. Ne3 {[%emt 0:00:10]} h6 {[%emt 0:00:03]} 17. Bxf6 {[%emt 0:00:10]} Nxf6 {[%emt 0:00:02]} 18. Ncd5 {[%emt 0:00:23]} Nxd5 {[%emt 0:00:07]} 19. exd5 {[%emt 0:00:00]} Bd7 {[%emt 0:00:01]} 20. c4 {[%emt 0:00:05]} b5 {[%emt 0:00:11]} 21. Be2 {[%emt 0:01:49]} Rb8 {[%emt 0:00:36]} 22. b3 {[%emt 0:03:34]} Bg5 {[%emt 0:00:07]} 23. Nc2 {[%emt 0:00:26]} bxc4 {[%emt 0:00:15]} 24. Bxc4 {[%emt 0:00:04]} Bb5 {[%emt 0:00:03]} 25. Na3 {[%emt 0:00:21]} Bxc4 {[%emt 0:00:03]} 26. Nxc4 {[%emt 0:00:05]} Rb5 {[%emt 0:00:02]} 27. Qd3 {[%emt 0:00:26]} Qc5 {[%emt 0:00:32]} 28. Red1 {[%emt 0:00:22]} Rdb8 {[%emt 0:00:57]} 29. Rab1 {[%emt 0:00:03]} Bd8 {[%emt 0:00:33]} 30. Qd2 {[%emt 0:01:26]} Rxb3 {[%emt 0:01:24]} 31. Rxb3 {[%emt 0:01:40]} Rxb3 {[%emt 0:00:05]} 32. Rc1 {[%emt 0:00:01]} Bg5 {[%emt 0:00:35]} 33. Ne3 {[%emt 0:00:05]} Qd4 {[%emt 0:03:31]} 34. Rc8+ {[%emt 0:00:36]} Kh7 {[%emt 0:00:08]} 35. Qc2+ {[%emt 0:00:01]} Qd3 {[%emt 0:00:36]} 36. Qxd3+ {[%emt 0:00:23]} Rxd3 {[%emt 0:00:00]} 37. Rc6 {[%emt 0:00:02]} Bxe3 {[%emt 0:00:16]} 38. fxe3 {[%emt 0:00:00]} Rxd5 {[%emt 0:00:02]} 39. Rxa6 {[%emt 0:00:02]} Kg6 {[%emt 0:00:26]} 40. Ra7 {[%emt 0:00:23]} Kf6 {[%emt 0:00:22]} 41. Kf2 {[%emt 0:00:13]} Rd2+ {[%emt 0:00:07]} 42. Kf1 {[%emt 0:00:10]} Ra2 {[%emt 0:00:10]} 43. Ra6 {[%emt 0:00:05]} Ke6 {[%emt 0:00:04]} 44. Ra7 {[%emt 0:00:02]} h5 {[%emt 0:00:02]} 45. h4 {[%emt 0:00:07]} g6 {[%emt 0:00:05]} 46. a6 {[%emt 0:00:05]} f6 {[%emt 0:00:04]} 47. e4 {[%emt 0:00:36]} f5 {[%emt 0:00:10]} 48. exf5+ {[%emt 0:00:53]} Kxf5 {[%emt 0:00:11]} 49. Ra8 {[%emt 0:00:24]} Ke4 {[%emt 0:00:06]} 50. a7 {[%emt 0:00:04]} d5 {[%emt 0:00:01]} 51. Kg1 {[%emt 0:00:08]} d4 {[%emt 0:00:02]} 52. Kh2 {[%emt 0:00:02]} Ra3 {[%emt 0:00:04]} 53. g4 {[%emt 0:00:08]} hxg4 {[%emt 0:00:12]} 54. Kg2 {[%emt 0:00:17]} d3 {[%emt 0:00:03]} 55. Kf2 {[%emt 0:00:54]} Ra2+ {[%emt 0:00:28]} 56. Kg3 {[%emt 0:00:02]} d2 {[%emt 0:00:02]} 57. Rd8 {[%emt 0:00:02]} Ke3 {[%emt 0:00:03]} 58. Kxg4 {[%emt 0:00:49]} Rxa7 {[%emt 0:00:07]} 59. Kg5 {[%emt 0:00:02]} Ra4 {[%emt 0:00:03]} 0-1

[Event "European Online Club-ch-C 2021"]
[Site "Online"]
[Date "2021.03.27"]
[Round "9.10"]
[White "Plat, Vojtech"]
[Black "Le Goff, Ronan"]
[Result "1/2-1/2"]
[WhiteElo "2552"]
[BlackElo "2288"]
[Annotator "ChessBase"]
[PlyCount "113"]
[EventDate "2021.03.27"]
[EventType "team-tourn"]
[EventCountry "NET"]
[SourceTitle "playchess.com"]
[Source "ChessBase"]
[SourceQuality "1"]
[TimeControl "900+5"]

1. e4 {[%emt 0:00:00]} e5 {[%emt 0:00:22]} 2. Nf3 {[%emt 0:00:02]} Nc6 {[%emt 0:00:02]} 3. d4 {[%emt 0:00:02]} exd4 {[%emt 0:00:01]} 4. Nxd4 {[%emt 0:00:02]} Nf6 {[%emt 0:00:02]} 5. Nxc6 {[%emt 0:00:02]} bxc6 {[%emt 0:00:02]} 6. e5 {[%emt 0:00:01]} Qe7 {[%emt 0:00:02]} 7. Qe2 {[%emt 0:00:04]} Nd5 {[%emt 0:00:02]} 8. c4 {[%emt 0:00:02]} Nb6 {[%emt 0:00:01]} 9. b3 {[%emt 0:00:04]} a5 {[%emt 0:00:06]} 10. a4 {[%emt 0:00:04]} Qe6 {[%emt 0:00:26]} 11. g3 {[%emt 0:00:09]} Bb4+ {[%emt 0:00:24]} 12. Bd2 {[%emt 0:00:02]} O-O {[%emt 0:00:07]} 13. Bg2 {[%emt 0:00:27]} Re8 {[%emt 0:00:16]} 14. f4 {[%emt 0:00:07]} f6 {[%emt 0:00:21]} 15. Bxb4 {[%emt 0:00:42]} axb4 {[%emt 0:00:03]} 16. a5 {[%emt 0:00:02]} fxe5 {[%emt 0:00:11]} 17. O-O {[%emt 0:00:03]} Bb7 {[%emt 0:01:15]} 18. Nd2 {[%emt 0:00:06]} Nc8 {[%emt 0:00:08]} 19. f5 {[%emt 0:00:01]} Qf7 {[%emt 0:00:28]} 20. Ne4 {[%emt 0:00:09]} Nd6 {[%emt 0:00:17]} 21. Nc5 {[%emt 0:00:14]} e4 {[%emt 0:00:57]} 22. Qd2 {[%emt 0:01:01]} e3 {[%emt 0:00:59]} 23. Qxb4 {[%emt 0:00:04]} e2 {[%emt 0:00:07]} 24. Rf2 {[%emt 0:00:12]} Qf6 {[%emt 0:00:37]} 25. Re1 {[%emt 0:00:04]} Qd4 {[%emt 0:00:15]} 26. Nxb7 {[%emt 0:00:38]} Nxb7 {[%emt 0:00:41]} 27. Qxb7 {[%emt 0:00:03]} Rxa5 {[%emt 0:00:25]} 28. Bd5+ {[%emt 0:03:45]} cxd5 {[%emt 0:01:19]} 29. Kg2 {[%emt 0:00:03]} Qe4+ {[%emt 0:02:48]} 30. Kg1 {[%emt 0:00:03]} dxc4 {[%emt 0:00:50]} 31. Qxe4 {[%emt 0:00:50]} Rxe4 {[%emt 0:00:00]} 32. bxc4 {[%emt 0:00:02]} Ra2 {[%emt 0:00:27]} 33. Kg2 {[%emt 0:00:04]} Kf7 {[%emt 0:00:41]} 34. Kf3 {[%emt 0:00:03]} Rxc4 {[%emt 0:00:06]} 35. Rfxe2 {[%emt 0:00:04]} Rc3+ {[%emt 0:00:14]} 36. Kf4 {[%emt 0:00:03]} Rxe2 {[%emt 0:00:24]} 37. Rxe2 {[%emt 0:00:02]} Rc4+ {[%emt 0:00:04]} 38. Kf3 {[%emt 0:00:07]} h5 {[%emt 0:00:08]} 39. h3 {[%emt 0:00:02]} Kf6 {[%emt 0:00:12]} 40. g4 {[%emt 0:00:05]} hxg4+ {[%emt 0:00:13]} 41. hxg4 {[%emt 0:00:03]} g6 {[%emt 0:00:26]} 42. fxg6 {[%emt 0:00:02]} Kxg6 {[%emt 0:00:02]} 43. Re7 {[%emt 0:00:02]} d5 {[%emt 0:00:08]} 44. Re5 {[%emt 0:00:02]} c6 {[%emt 0:00:06]} 45. g5 {[%emt 0:00:11]} Kh5 {[%emt 0:00:40]} 46. Ke3 {[%emt 0:00:05]} Rc1 {[%emt 0:00:30]} 47. Kd2 {[%emt 0:01:12]} Rc4 {[%emt 0:00:31]} 48. Kd3 {[%emt 0:00:52]} Kg6 {[%emt 0:00:03]} 49. Ke3 {[%emt 0:00:07]} Kf7 {[%emt 0:00:08]} 50. Kf3 {[%emt 0:00:09]} Rc1 {[%emt 0:00:08]} 51. Kg4 {[%emt 0:00:10]} d4 {[%emt 0:00:09]} 52. Kf5 {[%emt 0:00:35]} Rf1+ {[%emt 0:00:16]} 53. Ke4 {[%emt 0:00:02]} Re1+ {[%emt 0:00:08]} 54. Kxd4 {[%emt 0:00:02]} Rxe5 {[%emt 0:00:01]} 55. Kxe5 {[%emt 0:00:02]} Kg6 {[%emt 0:00:00]} 56. Kd6 {[%emt 0:00:02]} Kxg5 {[%emt 0:00:02]} 57. Kxc6 {[%emt 0:00:02]} 1/2-1/2